NPK fertilization effects on soil fertility, mineral nutrition and growth of rubber trees (Record no. 64123)
[ view plain ]
| 000 -LEADER | |
|---|---|
| fixed length control field | 01802nam a2200205Ia 4500 |
| 100 ## - MAIN ENTRY--AUTHOR NAME | |
| Personal name | Bataglia O C |
| 245 #0 - TITLE STATEMENT | |
| Title | NPK fertilization effects on soil fertility, mineral nutrition and growth of rubber trees |
| 260 ## - PUBLICATION, DISTRIBUTION, ETC. (IMPRINT) | |
| Name of publisher | Revista Brasileira de Ciencia do Solo |
| Year of publication | 1999 |
| 300 ## - PHYSICAL DESCRIPTION | |
| Number of Pages | 881-890 |
| 500 ## - GENERAL NOTE | |
| General note | Source Year: 2000 |
| 520 ## - SUMMARY, ETC. | |
| Summary, etc | The soil and plant responses to a continuous supply of NPK fertilizers on rubber trees, clone RRIM 600, was studied in an experiment on a red-yellow podzolic soil of sand/medium texture in Sao Paulo State, Brazil. A fractionated factorial experiment 1/2 (4x4x4) was used, with doses of 0, 40, 80 and 120 kg ha-1 of N, P2O5 and K2O, applied as urea, triple superphosphate and potassium chloride. The evaluations consisted of soil, leaf and trunk girth analyses. The nitrogen fertilizer (urea) promoted the greatest changes in soil fertility, significantly increasing soil acidity. Leaf N concentration was enhanced while K and S decreaed. Phosphate fertilizer increased soil P availability and leaf P. Potassium fertilizer improved soil and leaf K contents. Leaf N was better correlated with plant growth while soil and leaf P and K were not consistently correlated. Boron concentrations in the leaves were positively correlated with the immaturity period of the crop. The availability of other micronutrients was not affected by the fertilizer treatments. Nitrogen and potassium nutrition showed the best correlations with crop growth. Differences up to twelve months in the immaturity period were observed for the different treatments. |
| 650 ## - SUBJECT ADDED ENTRY--TOPICAL TERM | |
| Topical Term | Growth |
| 650 ## - SUBJECT ADDED ENTRY--TOPICAL TERM | |
| Topical Term | Mineral nutrition |
| 650 ## - SUBJECT ADDED ENTRY--TOPICAL TERM | |
| Topical Term | NPK fertilization |
| 650 ## - SUBJECT ADDED ENTRY--TOPICAL TERM | |
| Topical Term | Soil fertility |
| 700 ## - ADDED ENTRY--PERSONAL NAME | |
| Personal name | Santos W R |
| 856 ## - ELECTRONIC LOCATION AND ACCESS | |
| Uniform Resource Identifier | HOA |
| 942 ## - ADDED ENTRY ELEMENTS (KOHA) | |
| Koha item type | Journals |
| Withdrawn status | Lost status | Damaged status | Not for loan | Home library | Current library | Shelving location | Date acquired | Serial Enumeration / chronology | Koha item type |
|---|---|---|---|---|---|---|---|---|---|
| Journals | RRII Library | RRII Library | Soils and agonomy | 17/12/2021 | Volume 23, Issue 4 | Journals |